Alice in Borderland Ana Karakterler - Statistics

General Stats
  • This quiz has been taken 30 times
  • The average score is 14 of 16
Answer Stats
Karekter % Correct
6 Aguni
100%
1 Arisu
100%
3 Chishiya
100%
4 Kuina
100%
2 Usagi
100%
5 Ann
95%
11 Chota
95%
10 Karube
95%
14 Mira
95%
7 Niragi
91%
8 Heiya
86%
9 Tatta
86%
13 Hatter
82%
12 Shibuki
82%
16 Kyuma
73%
15 Kuzuryu
64%
No matching quizzes found
Score Distribution
Percent of People with Each Score
Percentile by Number Answered
Your Score History
You have not taken this quiz